| 000 | 01362nam a2200349 a 4500 | ||
|---|---|---|---|
| 001 | ebr10415625 | ||
| 003 | CaPaEBR | ||
| 006 | m u | ||
| 007 | cr cn||||||||| | ||
| 008 | 100929s2006 ii sbe 001 0 eng d | ||
| 020 | _z9788189645298 | ||
| 020 | _z8189645285 (set) | ||
| 020 | _z8189645293 (vol. 1) | ||
| 040 |
_aCaPaEBR _cCaPaEBR |
||
| 035 | _a(OCoLC)680625859 | ||
| 043 | _aaz----- | ||
| 050 | 1 | 4 |
_aDS336 _b.S23 2006eb |
| 245 | 0 | 0 |
_aSAARC _h[electronic resource] : _bpast and present / _cedited by S.K. Chaturvedi, S.K. Sharma, Madhurendra Kumar. |
| 260 |
_aNew Delhi : _bPragun Publications, _c2006. |
||
| 300 | _a384 p. | ||
| 490 | 0 |
_aEncyclopaedia of SAARC ; _vv. 1 |
|
| 504 | _aIncludes bibliographical references (p. [357]-369) and index. | ||
| 533 |
_aElectronic reproduction. _bPalo Alto, Calif. : _cebrary, _d2010. _nAvailable via World Wide Web. _nAccess may be limited to ebrary affiliated libraries. |
||
| 610 | 2 | 0 |
_aSouth Asian Association for Regional Cooperation _vEncyclopedias. |
| 651 | 0 |
_aSouth Asia _vEncyclopedias. |
|
| 655 | 7 |
_aElectronic books. _2local |
|
| 700 | 1 | _aChaturvedi, S. K. | |
| 700 | 1 | _aSharma, S. K. | |
| 700 | 1 | _aKumar, Madhurendra. | |
| 710 | 2 | _aebrary, Inc. | |
| 856 | 4 | 0 |
_uhttp://site.ebrary.com/lib/rucke/Doc?id=10415625 _zAn electronic book accessible through the World Wide Web; click to view |
| 999 |
_c86061 _d86061 |
||